Developing effective training skills
Αποθηκεύτηκε σε:
| Κύριος συγγραφέας: | |
|---|---|
| Μορφή: | Βιβλίο |
| Γλώσσα: | English |
| Δημοσίευση: |
London : New York :
McGraw-Hill Book Co.,
c1991
|
| Σειρά: | McGraw-Hill training series
|
| Θέματα: | |
| Ετικέτες: |
Προσθήκη ετικέτας
Δεν υπάρχουν, Καταχωρήστε ετικέτα πρώτοι!
|
MARC
| LEADER | 00000cam a2200000 i 4500 | ||
|---|---|---|---|
| 001 | 1/34046 | ||
| 008 | 950806s1991 eng d | ||
| 020 | |a 0077073835 | ||
| 035 | |l 10024042 | ||
| 040 | |a GR-MY-UA |b gre |e aacr | ||
| 041 | 0 | |a eng | |
| 082 | 0 | |a 658.3124 | |
| 100 | 1 | |a Pont, Tony |d 1946- | |
| 245 | 1 | 0 | |a Developing effective training skills / |c Tony Pont |
| 260 | |a London : |a New York : |b McGraw-Hill Book Co., |c c1991 | ||
| 300 | |a xvi, 118 p.; |b ill.; |c 25 cm | ||
| 490 | 1 | |a McGraw-Hill training series | |
| 504 | |a Includes bibliographical references (p. [113]-115) and index | ||
| 650 | 0 | 0 | |a Employees |x Training of. |
| 830 | 0 | |a McGraw-Hill training series | |
| 852 | |a INST |b CHIOS |e 19950806 |h 658.3124 PON |p 005200004528 |q 005200004528 |t BK |y 0 | ||
| 909 | |a Χ |b 031105 | ||